| 000 | 01685nam a22003137a 4500 | ||
|---|---|---|---|
| 005 | 20230512223909.0 | ||
| 008 | 220629t xxu||||| |||| 00| 0 eng d | ||
| 020 | _a9780749482329 | ||
| 040 | _cCSPC | ||
| 082 | 0 |
_a658.3124 _bJ710f |
|
| 100 |
_aGillian, Jones _eauthor. |
||
| 245 | 0 | 0 |
_a50 top tools for coaching : _ba complete toolkit for developing and empowering people/ _cJones Gillian |
| 250 | _a4th Edition | ||
| 260 |
_aUnited States : _bKogan Page Limited ; _c2018. |
||
| 300 |
_ax, 262 pages : _bfigures, tables : _c23 cm. |
||
| 336 |
_2rdacontent _atext |
||
| 337 |
_2rdamedia _aunmediated |
||
| 338 |
_2rdacarrier _avolume |
||
| 500 | _aIncludes, index. | ||
| 520 | _aA complete resource for both in-house and external coaches, 50 Top Tools for Coaching presents the techniques required for every coaching situation. Full of exercises, models, checklists and templates, it covers how to assess the needs of clients, select the right tool for the circumstance and deliver effective coaching with confidence. The book focuses on every stage of the coaching process, from setting up and managing the coaching relationship, understanding and resolving conflict, developing client confidence and performance to enhancing leadership styles and planning for the future. Supporting hints and tips are found throughout explaining how these tools help coaches be more successful. | ||
| 650 | 1 | 0 | _aExecutive coaching . |
| 650 | 1 | 0 |
_aLeadership _xStudy & Teaching. |
| 700 | 1 |
_aGorell Ro _eauthor. |
|
| 940 | _aMalou | ||
| 940 | _aLenie | ||
| 942 |
_cBOOK _jCIR 658.3124 J710f 2018 |
||
| 999 |
_c12111 _d12111 |
||